تراث العرب العلمي : (Record no. 14411)

MARC details
000 -الفاتح
حقل البيانات ثابتة الطول 00958nam a22002417a 4500
008 - عناصر البيانات ثابتة الطول - معلومات عامة
حقل البيانات ثابتة الطول 100706s1963 xxu||||| |||| 00| 0 ara d
082 ## - رقم تصنيف ديوى العشرى
رقم الطبعة 22
رقم التصنيف 509.22
رقم المادة ط و ق
100 1# - المدخل الرئيسى - إسم شخصى
9 (RLIN) 16021
الإسم الشخصى طوقان ، قدرى حافظ
245 ## - بيان العنوان
العنوان تراث العرب العلمي :
بقية العنوان في الرياضيات والفلك /
بيان المسئوليه,etc قدري حافظ طوقان
250 ## - بيان الطبعة
بيان الطبعة ط3.
بقية بيان الطبعة مزيدة ومنقحة
260 ## - PUBLICATION, DISTRIBUTION, ETC. (IMPRINT)
مكان الناشر او الموزع القاهرة :
اسم الناشر او الموزع دار القلم ،
تاريخ النشر أو التوزيع 1963.
300 ## - الوصف المادى
التعداد 518 ص :
أبعاد الوعاء 24 سم.
336 ## - نوع المحتوى
source rdacontent
Carrier Type Term نص
Content Type Code txt
337 ## - نوع الوسيط
Media Type Term بدون وسيط
source rdamedia
Media Type Code n
338 ## - نوع الحامل أو الناقل
Carrier Type Term مجلد
Carrier Type Code nc
source rdacarrier
504 ## - تبصرة ببليوجرافية
تبصرة ببليوجرافية,الخ يحتوي على إرجاعات ببليوجرافيه
541 ## - تبصرة المصدر المباشر للتزويد
مصدر التزويد ألف باء ؛
طريقة التزويد شراء ؛
650 ## - المدخل الاضافى بالموضوع-مصطلح موضوعى
9 (RLIN) 8698
مصطلح موضوعي أو اسم جغرافي كعنصر مدخل العلوم عند العرب
650 ## - المدخل الاضافى بالموضوع-مصطلح موضوعى
9 (RLIN) 16024
مصطلح موضوعي أو اسم جغرافي كعنصر مدخل العلماء العرب
650 ## - المدخل الاضافى بالموضوع-مصطلح موضوعى
9 (RLIN) 8792
مصطلح موضوعي أو اسم جغرافي كعنصر مدخل الحضارة العربية
650 ## - المدخل الاضافى بالموضوع-مصطلح موضوعى
9 (RLIN) 8638
مصطلح موضوعي أو اسم جغرافي كعنصر مدخل العلوم - تاريخ
942 ## - عناصر المدخل الإضافي( كوها)
مصدر التصنيف او مخطط الترفيف Dewey Decimal Classification
Koha [default] item type Book - Borrowing
جزء التصنيف RDA-MOD
Holdings
حالة التراجع حالة الفقد مصدر التصنيف او خطة الترفيف حالة تلف ليس للاعارة مجموعات كوها المكان الدائم المكان الحالي موقع الترفيف تاريخ الاكتساب Source of acquisition رقم الاستدعاء الباركود Date last seen نوع الوعاء
    Dewey Decimal Classification     Alef-Baa Central Library Central Library First floor 06/07/2010   509.22 طوق 000021383 15/07/2025 Book - Borrowing